Nanobiosensors (Record no. 7080)
[ view plain ]
| 000 -LEADER | |
|---|---|
| fixed length control field | 00464nam a22001457a 4500 |
| 008 - FIXED-LENGTH DATA ELEMENTS--GENERAL INFORMATION | |
| fixed length control field | 210305b ||||| |||| 00| 0 eng d |
| 020 ## - INTERNATIONAL STANDARD BOOK NUMBER | |
| International Standard Book Number | 978-0-12-804301-1 |
| 082 ## - DEWEY DECIMAL CLASSIFICATION NUMBER | |
| Classification number | 360 NAN |
| 100 ## - MAIN ENTRY--PERSONAL NAME | |
| Personal name | GRUMEZESCU, A. M |
| 245 ## - TITLE STATEMENT | |
| Title | Nanobiosensors |
| Remainder of title | Nanotechnology in the Agri- Food Industry Volume 8 |
| Statement of responsibility, etc. | Alexandru Mihai Grumezescu |
| Medium | English |
| 260 ## - PUBLICATION, DISTRIBUTION, ETC. (IMPRINT) | |
| Place of publication, distribution, etc. | London |
| Name of publisher, distributor, etc. | Elsevier |
| Date of publication, distribution, etc. | 2017 |
| 300 ## - PHYSICAL DESCRIPTION | |
| Extent | xxix, 896p.; |
| Other physical details | ill., |
| Dimensions | 24cm. |
| 650 ## - SUBJECT ADDED ENTRY--TOPICAL TERM | |
| Source of heading or term | Agri- Food Industry |
| 942 ## - ADDED ENTRY ELEMENTS (KOHA) | |
| Source of classification or shelving scheme | Dewey Decimal Classification |
| Koha item type | BOOKS |
| Withdrawn status | Lost status | Damaged status | Not for loan | Date acquired | Total Checkouts | Date last seen | Price effective from | Koha item type |
|---|---|---|---|---|---|---|---|---|
| 13/05/2026 | 13/05/2026 | 13/05/2026 | BOOKS | |||||
| 13/05/2026 | 13/05/2026 | 13/05/2026 | BOOKS | |||||
| 13/05/2026 | 13/05/2026 | 13/05/2026 | BOOKS |
